[Event "World Rapid 2025"]
[Site "Doha QAT"]
[Date "2025.12.26"]
[Round "2.67"]
[White "Kozak, Adam"]
[Black "Ohanyan, Emin"]
[Result "1-0"]
[WhiteTitle "GM"]
[BlackTitle "GM"]
[WhiteElo "2546"]
[BlackElo "2493"]
[WhiteFideId "753246"]
[BlackFideId "13312022"]
[EventDate "2025.12.26"]
[EventType "rapid"]

1. Nf3 d5 2. b3 c5 3. e3 g6 4. Bb2 Nf6 5. Bb5+ Bd7 6. Be2 Bg7 7. c4 dxc4 8. bxc4
O-O 9. O-O Nc6 10. d4 Ne4 11. Nbd2 Bf5 12. Nb3 a5 13. Qc1 cxd4 14. Nbxd4 Nxd4
15. Bxd4 Qc7 16. Qb2 Bxd4 17. exd4 a4 18. a3 Rfd8 19. Rfe1 Nf6 20. h3 Rab8 21.
Rac1 Be4 22. Ne5 Nd7 23. Ng4 Qb6 24. Qa1 Nf6 25. d5 Rbc8 26. Bf1 Bf5 27. Nh6+
Kf8 28. Nxf5 gxf5 29. Qe5 Qd6 30. Qxf5 Qxa3 31. Qg5 Ng8 32. Ra1 Qc3 33. Rec1 Qf6
34. Qd2 Ra8 35. Ra3 Qh6 36. Qb2 Rdb8 37. Rca1 Qf6 38. Qb1 h6 39. Rxa4 Rxa4 40.
Rxa4 Qd4 41. Qc1 Rc8 42. Qb1 b6 43. Qh7 Qg7 44. Qf5 Rb8 45. Qf4 Rc8 46. Ra6 Qb2
47. Ra7 Rd8 48. Rb7 Rd6 49. Qe3 Qf6 50. Bd3 Qg5 51. Rxb6 Rxb6 52. Qxb6 Qc1+ 53.
Bf1 Nf6 54. Qb8+ Kg7 55. Qe5 Qa3 56. g3 Qc5 57. Qe2 Qd4 58. Bg2 Nd7 59. Kh2 Nc5
60. Qxe7 Qxc4 61. Qe5+ Kg8 62. d6 Ne6 63. d7 Qb4 64. Qxe6 1-0

[Event "World Rapid 2025"]
[Site "Doha QAT"]
[Date "2025.12.26"]
[Round "2.68"]
[White "Donchenko, Alexander"]
[Black "Cunha, Lucas Aguiar"]
[Result "1-0"]
[WhiteTitle "GM"]
[BlackTitle "FM"]
[WhiteElo "2661"]
[BlackElo "2263"]
[WhiteFideId "24603295"]
[BlackFideId "2125404"]
[EventDate "2025.12.26"]
[EventType "rapid"]

1. c4 e6 2. g3 d5 3. Bg2 d4 4. Nf3 c5 5. O-O Nc6 6. e3 Nf6 7. d3 h6 8. Na3 Bd6
9. exd4 cxd4 10. Nc2 e5 11. b4 O-O 12. c5 Bc7 13. b5 Ne7 14. Re1 Ng6 15. Nb4 Re8
16. a4 Bf5 17. Nd2 Ba5 18. Ba3 Bxb4 19. Bxb4 Nd5 20. Qb3 Be6 21. Nc4 Qf6 22. Bd2
Rec8 23. Qa3 a6 24. Nd6 Rf8 25. c6 bxc6 26. bxc6 Qe7 27. Ba5 Rfd8 28. Bxd8 Rxd8
29. Nb7 Qxa3 30. Rxa3 Rc8 31. Rc1 Nge7 32. Na5 Nc3 33. Rcxc3 dxc3 34. Rxc3 Rc7
35. Rc1 Bd5 36. Bxd5 Nxd5 37. Rc5 1-0

[Event "World Rapid 2025"]
[Site "Doha QAT"]
[Date "2025.12.26"]
[Round "2.69"]
[White "Balakrishnan, Praveen"]
[Black "Maksimovic, Bojan"]
[Result "1-0"]
[WhiteTitle "GM"]
[BlackTitle "GM"]
[WhiteElo "2507"]
[BlackElo "2533"]
[WhiteFideId "2064871"]
[BlackFideId "14408120"]
[EventDate "2025.12.26"]
[EventType "rapid"]

1. e4 c5 2. Nf3 e6 3. d4 cxd4 4. Nxd4 Nc6 5. Nc3 Bc5 6. Be3 Qb6 7. Na4 Qa5+ 8.
Nc3 Qb6 9. Na4 Qa5+ 10. Nc3 Bb4 11. Nb3 Bxc3+ 12. bxc3 Qxc3+ 13. Bd2 Qf6 14. Bd3
Nge7 15. f4 d5 16. e5 Qh4+ 17. g3 Qh3 18. Bf1 Qh6 19. Qf3 f5 20. exf6 Qxf6 21.
Bc3 d4 22. Bb2 e5 23. Bc4 Be6 24. Bxe6 Qxe6 25. Qe2 O-O 26. fxe5 Qh6 27. Nxd4
Nxd4 28. Bxd4 Rad8 29. c3 Nc6 30. Rd1 Qh3 31. Rd3 Qh6 32. Kd1 Qe6 33. Re1 Rd5
34. Kc1 Rfd8 35. Red1 h6 36. Kb1 b5 37. Qe4 b4 38. c4 R5d7 39. Bb2 Ne7 40. Rxd7
Rxd7 41. Rxd7 Qxd7 42. Kc1 Qe6 43. Kc2 a5 44. Kb3 Qd7 45. Kc2 Qe6 46. Kd3 Qd7+
47. Qd4 Qf5+ 48. Kd2 Kf7 49. Qf4 Ke6 50. Qxf5+ Kxf5 51. Kd3 Nc6 52. c5 Ke6 53.
Kc4 a4 54. Kb5 Kd5 55. Kxa4 Kxc5 56. e6 g6 57. Bg7 Kd6 58. Bxh6 Kxe6 59. Bd2 Nd4
60. Bxb4 g5 61. h4 Nf5 62. hxg5 Nxg3 63. Kb5 Nf5 64. Kb6 Nd4 65. a4 Nb3 66. a5
Kd5 1-0

[Event "World Rapid 2025"]
[Site "Doha QAT"]
[Date "2025.12.26"]
[Round "2.70"]
[White "Ansat, Aldiyar"]
[Black "Najer, Evgeniy"]
[Result "1-0"]
[WhiteTitle "IM"]
[BlackTitle "GM"]
[WhiteElo "2479"]
[BlackElo "2619"]
[WhiteFideId "13715658"]
[BlackFideId "4118987"]
[EventDate "2025.12.26"]
[EventType "rapid"]

1. e4 e6 2. d4 d5 3. Nc3 Nf6 4. Bg5 h6 5. Bxf6 Qxf6 6. exd5 Bb4 7. Bb5+ Bd7 8.
Bxd7+ Nxd7 9. dxe6 Qxe6+ 10. Qe2 Bxc3+ 11. bxc3 Qxe2+ 12. Nxe2 O-O-O 13. O-O Nb6
14. Rfe1 Rd6 15. Nf4 Rc6 16. Re3 g5 17. Ne2 Nd5 18. Rf3 Re8 19. Kf1 f6 20. h3 h5
21. a4 a5 22. Rf5 Nxc3 23. Nxc3 Rxc3 24. Rxf6 Rxc2 25. Rf5 Ree2 26. Re1 Rxe1+
27. Kxe1 b6 28. Rxg5 Rc4 29. Kd2 Rxd4+ 30. Kc3 Rxa4 31. Rxh5 Rf4 32. f3 Kd7 33.
Rd5+ Ke6 34. Rb5 Kd6 35. Rg5 c5 36. Rg6+ Kc7 37. Rg7+ Kc6 38. Rg6+ Kb7 39. Rg7+
Ka6 40. Rg4 Rf7 41. h4 b5 42. Rg6+ Kb7 43. h5 Rf4 44. Rg4 b4+ 45. Kb2 Rf6 46.
Kb3 Rd6 47. Rg7+ Kc8 48. g4 Rd3+ 49. Kc4 Rc3+ 50. Kd5 b3 51. h6 Rxf3 52. h7 Rh3
53. Rg8+ Kb7 54. h8=Q Rxh8 55. Rxh8 a4 56. Kc4 b2 57. Rh1 Kc6 58. Rd1 1-0

[Event "World Rapid 2025"]
[Site "Doha QAT"]
[Date "2025.12.26"]
[Round "2.71"]
[White "Yilmaz, Mustafa"]
[Black "Sapenov, Daniyal"]
[Result "1/2-1/2"]
[WhiteTitle "GM"]
[BlackTitle "IM"]
[WhiteElo "2595"]
[BlackElo "2440"]
[WhiteFideId "6302718"]
[BlackFideId "13728911"]
[EventDate "2025.12.26"]
[EventType "rapid"]

1. Nf3 Nf6 2. c4 e6 3. Nc3 d5 4. d4 c5 5. cxd5 cxd4 6. Qxd4 exd5 7. Bg5 Be7 8.
e3 O-O 9. Rd1 Be6 10. Bd3 h6 11. Bh4 Nc6 12. Qa4 Qb6 13. Rd2 Qb4 14. Qd1 Rfd8
15. a3 Qb6 16. O-O Rd7 17. Na4 Qd8 18. Bxf6 Bxf6 19. Nc5 Re7 20. Nxe6 Rxe6 21.
Bb1 Rd6 22. Ba2 d4 23. e4 Qb6 24. Bd5 Re8 25. Qa4 a6 26. Rc1 Red8 27. g3 Ne7 28.
Ba2 Nc6 29. Kg2 Bg5 30. Nxg5 hxg5 31. Qc4 Ne5 32. Qc5 Rc6 33. Qxb6 Rxb6 34. Rc5
Rb5 35. Rxb5 axb5 36. Bd5 g4 37. Rxd4 Rc8 38. h3 Rc2 39. Rb4 Nd3 40. Rb3 Ne1+
41. Kf1 Nf3 42. Kg2 Ne1+ 43. Kf1 Nf3 44. Kg2 Ne1+ 45. Kf1 1/2-1/2

[Event "World Rapid 2025"]
[Site "Doha QAT"]
[Date "2025.12.26"]
[Round "2.72"]
[White "Shogdzhiev, Roman"]
[Black "Volokitin, Andrei"]
[Result "0-1"]
[WhiteTitle "IM"]
[BlackTitle "GM"]
[WhiteElo "2403"]
[BlackElo "2619"]
[WhiteFideId "55653537"]
[BlackFideId "14107090"]
[EventDate "2025.12.26"]
[EventType "rapid"]

1. e4 c5 2. Nf3 d6 3. d4 cxd4 4. Nxd4 Nf6 5. Nc3 a6 6. Bg5 e6 7. f4 Qb6 8. Qd2
Qxb2 9. Rb1 Qa3 10. f5 Nc6 11. fxe6 Bxe6 12. Rxb7 Nxd4 13. Qxd4 Be7 14. Bc4 Rc8
15. Bxe6 fxe6 16. Bd2 Qc5 17. Qxc5 Rxc5 18. Ke2 Kf7 19. Rhb1 Rhc8 20. R1b3 e5
21. g4 h6 22. h4 Ke6 23. g5 hxg5 24. hxg5 Nd7 25. Nd5 Rxc2 26. Rxd7 Kxd7 27.
Rb7+ R8c7 28. Rxc7+ Rxc7 29. Nxc7 Kxc7 30. Kd3 g6 31. Kc4 Kc6 32. a4 Bd8 33. Be3
Ba5 34. Bc1 Be1 35. Be3 Bg3 36. Bd2 Bf4 37. Bxf4 exf4 38. Kd3 Kc5 39. a5 Kb5 40.
Ke2 Kxa5 41. Kf3 Kb4 42. Kxf4 a5 43. e5 dxe5+ 44. Kxe5 a4 45. Kf6 a3 0-1

[Event "World Rapid 2025"]
[Site "Doha QAT"]
[Date "2025.12.26"]
[Round "2.73"]
[White "Nguyen, Ngoc Truong Son"]
[Black "Nainys, Zanas"]
[Result "0-1"]
[WhiteTitle "GM"]
[WhiteElo "2600"]
[BlackElo "2307"]
[WhiteFideId "12401110"]
[BlackFideId "12844098"]
[EventDate "2025.12.26"]
[EventType "rapid"]

1. e4 e6 2. d4 d5 3. e5 c5 4. c3 Qb6 5. Nf3 Nc6 6. Na3 cxd4 7. cxd4 Bd7 8. Nc2
Nge7 9. Bd3 Nf5 10. O-O Be7 11. Bxf5 exf5 12. Bg5 Bf8 13. a4 h6 14. Bd2 a5 15.
Na3 Nxd4 16. Nxd4 Qxd4 17. e6 fxe6 18. Nc2 Qg4 19. Qe1 Bd6 20. Bc3 O-O 21. Be5
Bc5 22. h3 Qe4 23. Qc3 Rac8 24. Bxg7 Bd6 0-1

[Event "World Rapid 2025"]
[Site "Doha QAT"]
[Date "2025.12.26"]
[Round "2.74"]
[White "Bai, Adelard"]
[Black "Sasikiran, Krishnan"]
[Result "0-1"]
[WhiteTitle "IM"]
[BlackTitle "GM"]
[WhiteElo "2417"]
[BlackElo "2538"]
[WhiteFideId "16301188"]
[BlackFideId "5004985"]
[EventDate "2025.12.26"]
[EventType "rapid"]

1. d4 Nf6 2. Bg5 d5 3. e3 c6 4. Nf3 Bg4 5. Be2 Nbd7 6. Nbd2 e6 7. h3 Bxf3 8.
Nxf3 Bd6 9. c3 Qb8 10. Bxf6 Nxf6 11. Qb3 O-O 12. O-O Ne4 13. Rad1 f5 14. c4 a5
15. Nd2 a4 16. Qc2 Qd8 17. Nxe4 fxe4 18. Bg4 Qe8 19. f4 h5 20. Be2 h4 21. Bg4
Qe7 22. Qe2 g6 23. Rc1 Kg7 24. Rc2 Rf7 25. Rcc1 Kh6 26. Rf2 Bc7 27. Rcf1 a3 28.
b3 Raf8 29. Qe1 Kg7 30. Bd1 g5 31. Bh5 Rf5 32. Bg4 R5f6 33. g3 hxg3 34. Rg2 gxf4
35. exf4 Rxf4 36. Rxf4 Bxf4 37. Kh1 Qf6 38. Qb4 Rf7 39. Bh5 0-1

[Event "World Rapid 2025"]
[Site "Doha QAT"]
[Date "2025.12.26"]
[Round "2.75"]
[White "Nogerbek, Kazybek"]
[Black "Wafa, Hamed"]
[Result "1-0"]
[WhiteTitle "GM"]
[BlackTitle "IM"]
[WhiteElo "2539"]
[BlackElo "2373"]
[WhiteFideId "13710427"]
[BlackFideId "10628452"]
[EventDate "2025.12.26"]
[EventType "rapid"]

1. Nf3 Nf6 2. c4 c5 3. e3 g6 4. b3 Bg7 5. Bb2 O-O 6. Be2 Nc6 7. O-O b6 8. d4
cxd4 9. Nxd4 Nxd4 10. Bxd4 Bb7 11. Bf3 Bxf3 12. Qxf3 d5 13. Rd1 dxc4 14. Bxf6
Bxf6 15. Rxd8 Rfxd8 16. Nc3 Bxc3 17. Rc1 cxb3 18. axb3 Bb4 19. Qb7 Bc5 20. Qa6
Rd7 21. g3 Rad8 22. Rc4 Rd1+ 23. Kg2 Rb1 24. Qa2 Rdd1 25. Qxa7 Rxb3 26. Qb8+ 1-0

[Event "World Rapid 2025"]
[Site "Doha QAT"]
[Date "2025.12.26"]
[Round "2.76"]
[White "Warmerdam, Max"]
[Black "Ezat, Mohamed"]
[Result "1-0"]
[WhiteTitle "GM"]
[BlackTitle "IM"]
[WhiteElo "2573"]
[BlackElo "2294"]
[WhiteFideId "1048104"]
[BlackFideId "10600906"]
[EventDate "2025.12.26"]
[EventType "rapid"]

1. Nf3 Nf6 2. c4 g6 3. Nc3 Bg7 4. e4 d6 5. d4 O-O 6. Be2 e5 7. d5 Na6 8. Nd2 Nd7
9. a3 f5 10. b4 Nf6 11. Qc2 Kh8 12. f3 fxe4 13. Ndxe4 Nxe4 14. Nxe4 Bf5 15. O-O
Nb8 16. Bd3 Bxe4 17. Bxe4 Nd7 18. Be3 Nf6 19. c5 Nh5 20. g3 Nf6 21. Rac1 Rf7 22.
Kg2 Qf8 23. Qd2 Ng8 24. g4 Qe7 25. Rc4 a5 26. bxa5 Nf6 27. cxd6 Qxd6 28. Rfc1
Rd8 29. g5 Nh5 30. Qb4 Bf8 31. Qxb7 Qxa3 32. R4c3 Qxa5 33. Rxc7 Rg7 34. Rxg7
Nxg7 35. Qc7 Qxc7 36. Rxc7 Nf5 37. Bd2 Bd6 38. Rc6 Kg7 39. Ra6 Rd7 40. Kf1 Kf7
41. Ke2 Nd4+ 42. Kd1 Be7 43. h4 Kg7 44. f4 Nf5 45. fxe5 Nxh4 46. d6 Bd8 1-0

[Event "World Rapid 2025"]
[Site "Doha QAT"]
[Date "2025.12.26"]
[Round "2.77"]
[White "Stefansson, Vignir Vatnar"]
[Black "Abdilkhair, Abilmansur"]
[Result "1-0"]
[WhiteTitle "GM"]
[BlackTitle "IM"]
[WhiteElo "2519"]
[BlackElo "2378"]
[WhiteFideId "2308649"]
[BlackFideId "13716417"]
[EventDate "2025.12.26"]
[EventType "rapid"]

1. d4 Nf6 2. Nf3 g6 3. Nbd2 Bg7 4. e4 d6 5. Bb5+ c6 6. Bd3 O-O 7. O-O b6 8. Re1
Ba6 9. e5 Nd5 10. c4 dxe5 11. Bf1 Nf4 12. dxe5 Nd7 13. g3 Ne6 14. b3 Qc7 15. Bb2
Rad8 16. Qe2 Bb7 17. h4 c5 18. Bg2 Nb8 19. Qe3 Nc6 20. a3 Rd7 21. Ng5 Ncd4 22.
Nxe6 Nxe6 23. Bxb7 Qxb7 24. Ne4 Rfd8 25. Qe2 Qc7 26. f4 Rd3 27. Bc3 Qc6 28. Qg2
Qd7 29. Rac1 Nd4 30. Bxd4 Qxd4+ 31. Nf2 Rd2 32. Qf3 f6 33. Rcd1 Qb2 34. Rxd2
Rxd2 35. Qa8+ Bf8 36. exf6 Qc3 37. fxe7 Qxg3+ 38. Qg2 1-0

[Event "World Rapid 2025"]
[Site "Doha QAT"]
[Date "2025.12.26"]
[Round "2.78"]
[White "Assylov, Miras"]
[Black "Uskov, Artem"]
[Result "0-1"]
[WhiteTitle "FM"]
[BlackTitle "GM"]
[WhiteElo "2393"]
[BlackElo "2516"]
[WhiteFideId "13728873"]
[BlackFideId "34254854"]
[EventDate "2025.12.26"]
[EventType "rapid"]

1. e4 c5 2. Nf3 e6 3. d4 cxd4 4. Nxd4 Nc6 5. Nb5 d6 6. c4 Nf6 7. N1c3 a6 8. Na3
Be7 9. Be2 O-O 10. O-O b6 11. Be3 Bb7 12. Qb3 Nd7 13. Rad1 Qc7 14. Rd2 Nc5 15.
Qd1 Rfd8 16. Nab1 Bf6 17. a3 Ne5 18. f3 Be7 19. b4 Ncd7 20. Rc2 Rac8 21. Nd2 Qb8
22. Qb1 Bf6 23. Rfc1 Ng6 24. Na4 Bc6 25. b5 Ba8 26. bxa6 Qa7 27. Qb4 Qxa6 28.
Nb3 Qa7 29. Nd4 Nc5 30. Nc3 Rb8 31. Rd1 Qe7 32. Bf1 h5 33. Rcd2 h4 34. Nde2 Bg5
35. f4 Bh6 36. Qb1 e5 37. Nd5 Bxd5 38. Rxd5 exf4 39. Bc1 Nxe4 40. Re1 Nc3 41.
Nxc3 Qxe1 42. Qc2 h3 43. Rd1 Qe6 44. Nd5 hxg2 45. Bd3 Ne7 46. Nc3 f3 47. Bxh6
Qxh6 48. Qf2 Qf6 49. Ne4 Qf4 50. Ng3 d5 51. Nh5 Qg4 0-1

[Event "World Rapid 2025"]
[Site "Doha QAT"]
[Date "2025.12.26"]
[Round "2.79"]
[White "Tsaruk, Maksim"]
[Black "Muntean, Victor"]
[Result "1-0"]
[WhiteTitle "GM"]
[WhiteElo "2515"]
[BlackElo "2169"]
[WhiteFideId "13511173"]
[BlackFideId "1054414"]
[EventDate "2025.12.26"]
[EventType "rapid"]

1. e4 e5 2. Nf3 Nc6 3. Bb5 a6 4. Ba4 Nge7 5. O-O g6 6. c3 Bg7 7. d4 b5 8. Bc2 d6
9. h3 O-O 10. Be3 f5 11. dxe5 fxe4 12. exd6 exf3 13. dxe7 Nxe7 14. Bb3+ Kh8 15.
Qxd8 Rxd8 16. Bg5 fxg2 17. Re1 Bxh3 18. Rxe7 Rf8 19. Nd2 h6 20. Be3 Rad8 21.
Rxc7 g5 22. Ne4 g4 23. Rd1 Rxd1+ 24. Bxd1 Re8 25. Nd6 Rf8 26. Nf7+ Kg8 27. Nxh6+
Bxh6 28. Bb3+ 1-0

[Event "World Rapid 2025"]
[Site "Doha QAT"]
[Date "2025.12.26"]
[Round "2.80"]
[White "Harshavardhan, G B"]
[Black "Gholami Orimi, Mahdi"]
[Result "0-1"]
[WhiteTitle "IM"]
[BlackTitle "GM"]
[WhiteElo "2477"]
[BlackElo "2515"]
[WhiteFideId "25059009"]
[BlackFideId "12558486"]
[EventDate "2025.12.26"]
[EventType "rapid"]

1. e4 e5 2. Nf3 Nc6 3. Bc4 Nf6 4. d3 h6 5. c3 d6 6. b4 g5 7. a4 Bg7 8. Qb3 O-O
9. Be3 Ne7 10. Nbd2 c6 11. d4 Ng4 12. dxe5 Nxe3 13. fxe3 dxe5 14. Nf1 a5 15. b5
cxb5 16. axb5 Qb6 17. Kf2 g4 18. N3d2 Kh8 19. Ng3 f5 20. exf5 Nxf5 21. Nxf5 Bxf5
22. Ke2 g3 23. h3 Bg6 24. Rhf1 Bh5+ 25. Kd3 Rad8+ 26. Kc2 Qxe3 27. Rxf8+ 0-1

[Event "World Rapid 2025"]
[Site "Doha QAT"]
[Date "2025.12.26"]
[Round "2.81"]
[White "Saraci, Nderim"]
[Black "Al Hosani, Omran"]
[Result "1-0"]
[WhiteTitle "IM"]
[BlackTitle "IM"]
[WhiteElo "2461"]
[BlackElo "2340"]
[WhiteFideId "6351921"]
[BlackFideId "9308733"]
[EventDate "2025.12.26"]
[EventType "rapid"]

1. d4 Nf6 2. c4 e6 3. Nc3 d5 4. Bg5 Bb4 5. Qa4+ Nc6 6. e3 h6 7. Bh4 g5 8. Bg3
Ne4 9. Rc1 h5 10. cxd5 exd5 11. Bb5 Bd7 12. f3 Nxg3 13. hxg3 Bd6 14. Nge2 a6 15.
Bd3 Nb4 16. Qd1 Qe7 17. Qd2 Nxd3+ 18. Qxd3 c6 19. Kf2 Rh6 20. e4 dxe4 21. Nxe4
f5 22. Nxd6+ Qxd6 23. Qe3+ Qe7 24. Qe5 Kf7 25. Qxe7+ Kxe7 26. Rce1 Kf7 27. f4
Rg8 28. fxg5 Rxg5 29. Nf4 Rd6 30. Rd1 Be6 31. b3 a5 32. Nxh5 c5 33. Nf4 cxd4 34.
Rh7+ Kf6 1-0

[Event "World Rapid 2025"]
[Site "Doha QAT"]
[Date "2025.12.26"]
[Round "2.82"]
[White "Isanzhulov, Arystan"]
[Black "Anand, Tsogtbileg"]
[Result "0-1"]
[WhiteTitle "IM"]
[BlackTitle "CM"]
[WhiteElo "2419"]
[BlackElo "1968"]
[WhiteFideId "13711644"]
[BlackFideId "4926552"]
[EventDate "2025.12.26"]
[EventType "rapid"]

1. e4 c5 2. Nf3 e6 3. g3 Nc6 4. Bg2 g6 5. d4 Bg7 6. d5 exd5 7. exd5 Qe7+ 8. Kf1
Nd4 9. Nxd4 Bxd4 10. Bf3 Nf6 11. Kg2 d6 12. Re1 Be5 13. Be2 Qd7 14. f4 Qh3+ 15.
Kh1 O-O 16. Bf1 Qf5 17. Bd3 Qh3 18. Bf1 Qf5 19. fxe5 Ng4 20. Bd3 Nf2+ 21. Kg1
Nh3+ 22. Kh1 Nf2+ 23. Kg1 Nh3+ 24. Kg2 Qf2+ 25. Kh1 Qd4 26. c3 Qxd3 27. Qxd3
Nf2+ 28. Kg2 Nxd3 29. Rf1 dxe5 30. Bg5 b5 31. b3 c4 32. Na3 Bb7 33. Nxb5 Bxd5+
34. Kg1 Bc6 35. Nd6 f5 36. Nxc4 Kg7 37. Rad1 e4 38. Na5 Bd7 39. c4 h6 40. Be3 g5
41. b4 Be6 42. a3 f4 43. Bd4+ Kg6 44. c5 Rac8 45. Nb7 Bh3 46. Nd6 Bxf1 47. Rxf1
e3 48. Bc3 e2 49. Rf3 Ne5 50. Rf2 f3 51. h3 h5 52. Rh2 Nd3 53. Rf2 Nxf2 54. Kxf2
Rcd8 55. a4 g4 56. hxg4 hxg4 57. b5 Rh8 58. a5 Rh2+ 59. Ke3 e1=Q+ 60. Bxe1 Re2+
61. Kd4 0-1

[Event "World Rapid 2025"]
[Site "Doha QAT"]
[Date "2025.12.26"]
[Round "2.83"]
[White "Anwoir, Tarik"]
[Black "Xiao, Tong(QD)"]
[Result "0-1"]
[BlackTitle "GM"]
[WhiteElo "2098"]
[BlackElo "2555"]
[WhiteFideId "9004904"]
[BlackFideId "8622388"]
[EventDate "2025.12.26"]
[EventType "rapid"]

1. e4 c5 2. Nf3 e6 3. d4 cxd4 4. Nxd4 Nc6 5. c3 Qc7 6. Be3 Nf6 7. Nd2 d5 8. Bd3
a6 9. Qe2 Bd6 10. h3 e5 11. N4f3 h6 12. exd5 Nxd5 13. Nc4 Be6 14. Nxd6+ Qxd6 15.
Rd1 Qc7 16. Be4 O-O-O 17. O-O f5 18. Bxd5 Bxd5 19. c4 Be6 20. b3 g5 21. Rxd8+ 0-1

[Event "World Rapid 2025"]
[Site "Doha QAT"]
[Date "2025.12.26"]
[Round "2.84"]
[White "Fates, Omer Salah"]
[Black "Iniyan, Pa"]
[Result "0-1"]
[BlackTitle "GM"]
[WhiteElo "2079"]
[BlackElo "2598"]
[WhiteFideId "9212035"]
[BlackFideId "25002767"]
[EventDate "2025.12.26"]
[EventType "rapid"]

1. e4 c5 2. Nf3 d6 3. d4 cxd4 4. Nxd4 Nf6 5. Nc3 a6 6. Be2 e6 7. Be3 Qc7 8. O-O
b5 9. f3 Bb7 10. a4 b4 11. Na2 d5 12. exd5 Nxd5 13. Bf2 Bd6 14. h3 Nd7 15. Rc1
Bf4 16. Rb1 Ne3 17. Qe1 e5 18. Nb3 Nxc2 19. Qd1 Ne3 20. Qc1 Nc2 21. Nd2 Rc8 22.
Bd1 b3 23. Nc3 Qd6 24. Nde4 0-1

[Event "World Rapid 2025"]
[Site "Doha QAT"]
[Date "2025.12.26"]
[Round "2.85"]
[White "Orozbaev, Eldiyar"]
[Black "Naiditsch, Arkadij"]
[Result "1-0"]
[WhiteTitle "IM"]
[BlackTitle "GM"]
[WhiteElo "2348"]
[BlackElo "2574"]
[WhiteFideId "13802240"]
[BlackFideId "4650891"]
[EventDate "2025.12.26"]
[EventType "rapid"]

1. e4 c5 2. c3 Nf6 3. e5 Nd5 4. Nf3 Nc6 5. Bc4 Nb6 6. Bb3 d5 7. exd6 e6 8. d4
Bxd6 9. O-O O-O 10. dxc5 Bxc5 11. Nbd2 Be7 12. Qe2 a5 13. Ne4 a4 14. Bc2 Nd5 15.
Rd1 Qc7 16. a3 Nf4 17. Qc4 e5 18. Bxf4 exf4 19. Nd6 Bxd6 20. Qd3 g6 21. Qxd6
Qxd6 22. Rxd6 Re8 23. Nd2 Kg7 24. Nc4 Ra6 25. Rd2 Be6 26. Nd6 Rd8 27. Rad1 Ne5
28. Rd4 Rd7 29. f3 Kf8 30. Nb5 Rxd4 31. Rxd4 Bd7 32. Bxa4 f6 33. Rxf4 Nd3 34.
Rd4 Nc5 35. b3 Ke7 36. Nc7 Ra5 37. Bxd7 Nxd7 38. a4 Re5 39. Nd5+ Ke6 40. Nf4+
Ke7 41. Nd3 Re2 42. Re4+ 1-0

[Event "World Rapid 2025"]
[Site "Doha QAT"]
[Date "2025.12.26"]
[Round "2.86"]
[White "Idani, Pouya"]
[Black "Zverev, Lev"]
[Result "0-1"]
[WhiteTitle "GM"]
[BlackTitle "IM"]
[WhiteElo "2611"]
[BlackElo "2453"]
[WhiteFideId "12510130"]
[BlackFideId "24250775"]
[EventDate "2025.12.26"]
[EventType "rapid"]

1. e4 e5 2. Nf3 Nc6 3. Bb5 a6 4. Ba4 Nf6 5. O-O d6 6. Bxc6+ bxc6 7. d4 exd4 8.
Nxd4 c5 9. Nc6 Qd7 10. Na5 Qa4 11. Qe1 Be7 12. c4 O-O 13. Bd2 Re8 14. b3 Qd7 15.
Nc3 Bd8 16. f3 c6 17. Na4 d5 18. Rd1 dxe4 19. Bf4 Qe6 20. Rxd8 Rxd8 21. Nxc5 Qf5
22. Qe3 Re8 23. Nxc6 Bd7 24. fxe4 Nxe4 25. Nxd7 Qxd7 26. Ne5 Qa7 27. Qxa7 Rxa7
28. Nc6 Rd7 29. Nb8 Rb7 30. Nxa6 Ra8 31. Nc7 Rxa2 32. Nb5 Rd7 33. h3 g5 34. Bd6
Nxd6 35. Rd1 Ra6 36. c5 Nxb5 37. Rxd7 Kf8 38. Rb7 Nd4 39. b4 Ke8 40. Kf2 Ra4 41.
b5 Ra5 42. Rb8+ Ke7 43. Ke3 Rxb5 44. Rh8 Nf5+ 45. Ke4 Rxc5 46. Rxh7 0-1

[Event "World Rapid 2025"]
[Site "Doha QAT"]
[Date "2025.12.26"]
[Round "2.87"]
[White "Gaehwiler, Gabriel"]
[Black "Shimanov, Aleksandr"]
[Result "0-1"]
[WhiteTitle "IM"]
[BlackTitle "GM"]
[WhiteElo "2382"]
[BlackElo "2578"]
[WhiteFideId "1314530"]
[BlackFideId "4198603"]
[EventDate "2025.12.26"]
[EventType "rapid"]

1. d4 Nf6 2. Nf3 g6 3. g3 Bg7 4. Bg2 O-O 5. O-O d6 6. Re1 Nbd7 7. e4 e5 8. dxe5
dxe5 9. Nbd2 b6 10. Nc4 Bb7 11. Nfxe5 Nxe5 12. Qxd8 Raxd8 13. Nxe5 Rfe8 14. f4
Bxe4 15. Bxe4 Nxe4 16. Rxe4 Rd1+ 17. Kg2 f6 18. b3 fxe5 19. Bb2 Rd2+ 20. Kh3
Rxc2 21. Bxe5 Kf7 22. Rae1 Bxe5 23. fxe5 Rxa2 24. e6+ Kg7 25. Rd4 Re7 26. b4 a5
27. b5 Rb2 28. Rd5 Kf6 29. Rd7 Rxb5 30. Rf1+ Kxe6 0-1

[Event "World Rapid 2025"]
[Site "Doha QAT"]
[Date "2025.12.26"]
[Round "2.88"]
[White "Dau Khuong Duy"]
[Black "Ibarra Jerez, Jose Carlos"]
[Result "1-0"]
[WhiteTitle "IM"]
[BlackTitle "GM"]
[WhiteElo "2489"]
[BlackElo "2532"]
[WhiteFideId "12424722"]
[BlackFideId "2226332"]
[EventDate "2025.12.26"]
[EventType "rapid"]

1. e4 c5 2. Nf3 Nc6 3. Bb5 e6 4. O-O Nd4 5. a4 a6 6. Bd3 Nc6 7. Re1 g5 8. Kh1
Bg7 9. Bf1 g4 10. Ng1 h5 11. c3 Nge7 12. Na3 d5 13. exd5 exd5 14. d4 cxd4 15.
cxd4 Nxd4 16. Bf4 Nc6 17. b4 Nxb4 18. Be5 Bxe5 19. Rxe5 Nc6 20. Re1 Bf5 21. Qb3
Qd7 22. Rad1 Kf8 23. Nc4 Rd8 24. Qb2 Rh6 25. Ne2 Qc7 26. Ne3 Be6 27. Nd4 Nxd4
28. Qxd4 Nc6 29. Qb2 Kg8 30. Nxd5 Bxd5 31. Rxd5 Kf8 32. Rg5 Rd4 33. g3 h4 34.
Kg1 hxg3 35. hxg3 Qd7 36. Qc1 Qd6 37. Bg2 Re6 38. Rf1 Ne5 39. Rh5 Qd8 40. Rh8+
Ke7 41. Rxd8 Rxd8 42. Bxb7 Rh8 43. Qg5+ Kf8 44. Rd1 f6 45. Qf5 Ke7 46. Kg2 Rb6
47. Bd5 Rd6 48. Bb3 Rb6 49. Re1 Kd8 50. Rxe5 fxe5 51. Qg5+ Kc8 52. Qxe5 Rbh6 53.
Be6+ Kb7 54. Bxg4 Rh2+ 55. Kf1 Rh1+ 56. Ke2 1-0